Statistiche per Stati che iniziano con la E

Clicka qui per fare il quiz!

Statistiche generali

  • Questo quiz è stato fatto 47 volte
  • Il punteggio medio è 6 su 8

Statistiche sulle risposte

Superficie (km²)Popolazione (ab.)Stato% Corretto
125 0003 546 000Eritrea
95%
1 104 300120 788 173Etiopia
92%
276 84117 625 048Ecuador
79%
45 2271 328 976Estonia
76%
83 6009 366 829Emirati Arabi Uniti
74%
1 002 450106 228 202Egitto
71%
21 0416 819 956El Salvador
61%
17 3641 093 238eSwatini
47%

Distribuzione punteggi

Percentile per numero di risposta

Percentuale di utenti per punteggio

I tuoi punteggi nel tempo

Non hai fatto questo quiz